Fr. Conceicao Rodrigues College of Engineering

Instruction Book For Electric Arc Welders (Record no. 28309)

MARC details
000 -LEADER
fixed length control field 00315nam a2200133Ia 4500
082 ## - DEWEY DECIMAL CLASSIFICATION NUMBER
Classification number 671.5
100 ## - MAIN ENTRY--PERSONAL NAME
Personal name Indian Oxygen
245 ## - TITLE STATEMENT
Title Instruction Book For Electric Arc Welders
260 ## - PUBLICATION, DISTRIBUTION, ETC.
Name of publisher, distributor, etc. Indian Oxygen Ltd
Place of publication, distribution, etc. Calcutta
Date of publication, distribution, etc. 1970
300 ## - PHYSICAL DESCRIPTION
Extent 83
546 ## - LANGUAGE NOTE
Language note ENGLISH
654 ## - SUBJECT ADDED ENTRY--FACETED TOPICAL TERMS
Focus term Electric Arc Welders
942 ## - ADDED ENTRY ELEMENTS (KOHA)
Koha item type BOOK
Holdings
Withdrawn status Lost status Damaged status Not for loan Collection Home library Current library Date acquired Cost, normal purchase price Inventory number Total Checkouts Full call number Barcode Date last seen Cost, replacement price Price effective from Koha item type
        AFT Fr. Agnel's C.Rodrigues College of Engineering Fr. Agnel's C.Rodrigues College of Engineering 17/03/2023 16.20 IOL/26578   671.5 AFT1847 17/03/2023 16.20 17/03/2023 BOOK